L'imitation de la Sainte Vierge et des saints, ou, La pratique abregée de la perfection chretienne, renfermée dans les paroles & les exemples de ces grands modéles; tirée des oeuvres spiritualles du P. F. A. de la Compagnie de Jesus

Detalles Bibliográficos
Formato: Libro
Lenguaje:French
Publicado: a Lyon 1747
Edición:Seconde edition: augmentée du directeur spirituel, tiré des ecrits de S. François de Sales
Materias:
Colección:Banco de datos
Acervo:Biblioteca de la Congregación del Oratorio de San Felipe Neri de México. Iglesia La Profesa
Descripción Física:2 t. 16°
Tema general:Ascética
Notas:Portada tipográfica con viñeta y pleca en grabado xilográfico. Título de la anteportada: L'imitation de la Sainte Vierge et des saints. Texto a renglón seguido con apostillas marginales. Incluyen cabeceras de título en grabado xilográfico. Incluyen capitulares floreadas en grabado xilográfico. Cada tomo con portada y numeración propias. Año de los t. 1-2 publicados en 1747. Paginación: t. 1 XXIV, 362 p.; t. 2 XII, 366 p., [1] h. Encuadernación en piel sobre cartón (2009-A, 7885). Sello en tinta del Oratorio de San Felipe Neri de México. Biblioteca La Profesa, D.F. (2009-A, 7885). Daños de humedad, de hongo y en la encuadernación (2009-A). Daños de humedad y en la encuadernación (7885)
LEADER 01716nam a22002050004500
035 |a 1236 
041 0 |a fre 
245 1 0 |a L'imitation de la Sainte Vierge et des saints, ou, La pratique abregée de la perfection chretienne, renfermée dans les paroles & les exemples de ces grands modéles; tirée des oeuvres spiritualles du P. F. A. de la Compagnie de Jesus 
250 |a Seconde edition: augmentée du directeur spirituel, tiré des ecrits de S. François de Sales 
260 |a a Lyon  |b chez la veuve Delaroche, & fils  |c 1747 
300 |a 2 t.  |c 16°  
500 |a Portada tipográfica con viñeta y pleca en grabado xilográfico. Título de la anteportada: L'imitation de la Sainte Vierge et des saints. Texto a renglón seguido con apostillas marginales. Incluyen cabeceras de título en grabado xilográfico. Incluyen capitulares floreadas en grabado xilográfico. Cada tomo con portada y numeración propias. Año de los t. 1-2 publicados en 1747. Paginación: t. 1 XXIV, 362 p.; t. 2 XII, 366 p., [1] h. Encuadernación en piel sobre cartón (2009-A, 7885). Sello en tinta del Oratorio de San Felipe Neri de México. Biblioteca La Profesa, D.F. (2009-A, 7885). Daños de humedad, de hongo y en la encuadernación (2009-A). Daños de humedad y en la encuadernación (7885)  
501 |a 1 obra (2009-A) 
504 |a Índice de materias 
650 1 0 |a Ascética 
740 0 |a La pratique abregée de la perfection chretienne, renfermée dans les paroles & les exemples de ces grands modéles 
949 |a Iglesia La Profesa, Biblioteca t. 1 (7885); t. 2 (2009-A) 
942 |c PROFESA 
943 |g Biblioteca de la Congregación del Oratorio de San Felipe Neri de México. Iglesia La Profesa 
999 |c 948047  |d 948047